000 00442cam a2200157ua 4500
041 _aeng
_h
082 _a636.0896
_bDHA/FO
100 _aDhanda, M .R .
245 _aFoot and mouth Disease of animals in India /
_cDhanda M.R.
_hTextual Documents
260 _aNew Delhi :
_bIndian Council for Agricultural Research ,
_c1998.
300 _a36 ; .
504 _a
700 1 _aGopalakrishnan, V.R .
942 _cBK
999 _c12387
_d12387